Countries at Summer Olympics by Year - Statistics

General Stats
  • This quiz has been taken 11 times
  • The average score is 46 of 196
Answer Stats
Year Answer % Correct
1896 A Austria
100%
1896 D Denmark
100%
1896 F France
100%
1896 G Germany
100%
1896 H Hungary
100%
1896 A Australia
90%
1896 G Greece
90%
1896 I Italy
90%
1896 S Sweden
90%
1896 S Switzerland
90%
1896 U United States
90%
1900 A Argentina
80%
1900 B Belgium
80%
1896 C Chile
80%
1896 G (U) Great Britain (United Kingdom)
80%
1896 B Bulgaria
70%
1900 C Canada
70%
1900 I India
70%
1912 E Egypt
60%
1912 I Iceland
60%
1912 J Japan
60%
1900 L Luxembourg
60%
1900 M Mexico
60%
1912 P Portugal
60%
1900 R Romania
60%
1900 R Russia
60%
1904 S South Africa
60%
1900 S Spain
60%
1920 B Brazil
50%
1908 F Finland
50%
1924 I Ireland
50%
1900 N Netherlands
50%
1900 N Norway
50%
1908 T Turkey
50%
1924 U Uruguay
50%
1928 Z Zimbabwe
50%
1936 B Bolivia
40%
1932 C Colombia
40%
1900 C Cuba
40%
1920 E Estonia
40%
1924 H Haiti
40%
1948 J Jamaica
40%
1924 L Latvia
40%
1924 L Lithuania
40%
1924 P Poland
40%
1952 I Israel
30%
2016 K Kosovo
30%
1936 L Liechtenstein
30%
1920 M Monaco
30%
1984 O Oman
30%
1948 P Pakistan
30%
1928 P Panama
30%
1924 P Philippines
30%
1912 S Serbia
30%
1988 V Vanuatu
30%
1948 V Venezuela
30%
1992 Y Yemen
30%
1936 A Afghanistan
20%
1964 A Algeria
20%
1952 B Bahamas
20%
1992 B Bosnia and Herzegovina
20%
1956 C Cambodia
20%
1964 C Chad
20%
1936 C Costa Rica
20%
1992 C Croatia
20%
1984 D Djibouti
20%
2004 E East Timor
20%
1924 E Ecuador
20%
1996 G Georgia
20%
1948 I Iran
20%
1948 I Iraq
20%
1956 K Kenya
20%
1928 M Malta
20%
1992 N Namibia
20%
1964 N Niger
20%
1952 N Nigeria
20%
2000 P Palau
20%
1984 Q Qatar
20%
1984 R Rwanda
20%
2016 S South Sudan
20%
1948 S Syria
20%
1924 T Taiwan
20%
1964 T Tanzania
20%
1952 T Thailand
20%
1956 U Uganda
20%
1952 V Vietnam
20%
1964 Z Zambia
20%
1972 A Albania
10%
1976 A Andorra
10%
1980 A Angola
10%
1996 A Armenia
10%
1996 A Azerbaijan
10%
1984 B Bangladesh
10%
1996 B Belarus
10%
1980 B Botswana
10%
1996 B Brunei
10%
1996 B Burundi
10%
1964 C Cameroon
10%
1968 C Central African Republic
10%
1952 C China
10%
1980 C Cyprus
10%
1996 C Czech Republic
10%
1968 D Democratic Republic of the Congo
10%
1996 D Dominica
10%
1964 D Dominican Republic
10%
2000 E Eritrea
10%
1956 E Ethiopia
10%
2000 F Federated States of Micronesia
10%
1956 F Fiji
10%
1952 G Ghana
10%
1952 G Guatemala
10%
1996 G Guinea-Bissau
10%
1948 G Guyana
10%
1968 H Honduras
10%
1952 I Indonesia
10%
1964 I Ivory Coast
10%
1980 J Jordan
10%
1996 K Kazakhstan
10%
2004 K Kiribati
10%
1996 K Kyrgyzstan
10%
1980 L Laos
10%
1948 L Lebanon
10%
1972 L Lesotho
10%
1956 L Liberia
10%
1964 M Madagascar
10%
1972 M Malawi
10%
1956 M Malaysia
10%
1988 M Maldives
10%
1964 M Mali
10%
2008 M Marshall Islands
10%
1980 M Mauritania
10%
1984 M Mauritius
10%
1996 M Moldova
10%
2008 M Montenegro
10%
1996 N Nauru
10%
1920 N New Zealand
10%
1972 N North Korea
10%
1996 N North Macedonia
10%
1968 P Paraguay
10%
1936 P Peru
10%
1964 R Republic of the Congo
10%
1996 S Saint Kitts and Nevis
10%
1996 S Saint Lucia
10%
1988 S Saint Vincent and the Grenadines
10%
1960 S San Marino
10%
1996 S São Tomé and Príncipe
10%
1972 S Saudi Arabia
10%
1964 S Senegal
10%
1948 S Singapore
10%
1996 S Slovakia
10%
1948 S South Korea
10%
1996 T Tajikistan
10%
1948 T Trinidad and Tobago
10%
1960 T Tunisia
10%
1996 T Turkmenistan
10%
2008 T Tuvalu
10%
1996 U Ukraine
10%
1984 U United Arab Emirates
10%
1996 U Uzbekistan
10%
1976 A Antigua and Barbuda
0%
1984 B Bahrain
0%
1968 B Barbados
0%
1968 B Belize
0%
1972 B Benin
0%
1984 B Bhutan
0%
1972 B Burkina Faso
0%
1996 C Cape Verde
0%
1996 C Comoros
0%
1968 E El Salvador
0%
1984 E Equatorial Guinea
0%
1972 E Eswatini
0%
1972 G Gabon
0%
1984 G Gambia
0%
1984 G Grenada
0%
1968 G Guinea
0%
1968 K Kuwait
0%
1968 L Libya
0%
1964 M Malaysia
0%
1964 M Mongolia
0%
1960 M Morocco
0%
1980 M Mozambique
0%
1948 M Myanmar
0%
1964 N Nepal
0%
1964 N Nicaragua
0%
1976 P Papua New Guinea
0%
1984 S Samoa
0%
1980 S Seychelles
0%
1968 S Sierra Leone
0%
1992 S Slovenia
0%
1984 S Solomon Islands
0%
1972 S Somalia
0%
1948 S Sri Lanka
0%
1960 S Sudan
0%
1968 S Suriname
0%
1972 T Togo
0%
1984 T Tonga
0%
No matching quizzes found
Score Distribution
Percent of People with Each Score
Percentile by Number Answered
Your Score History
You have not taken this quiz